Carsberg Report on the regulatory role of the RICS (Record no. 108279)

MARC details
000 -LEADER
fixed length control field 02061cam a22002415a 4500
001 - CONTROL NUMBER
control field E143832
008 - FIXED-LENGTH DATA ELEMENTS--GENERAL INFORMATION
fixed length control field 080603s2005 xxk f 000 0 eng d
035 ## - SYSTEM CONTROL NUMBER
System control number (Sirsi) u143832
041 0# - LANGUAGE CODE
Language code of text/sound track or separate title eng
050 04 - LIBRARY OF CONGRESS CALL NUMBER
Classification number 333.0062 $2 18
100 1# - MAIN ENTRY--PERSONAL NAME
Personal name Carsberg, Bryan Victor
Titles and words associated with a name Sir
Dates associated with a name 1939-
245 00 - TITLE STATEMENT
Title Carsberg Report on the regulatory role of the RICS
Remainder of title final report
260 ## - PUBLICATION, DISTRIBUTION, ETC.
Place of publication, distribution, etc. London
Name of publisher, distributor, etc. RICS
Date of publication, distribution, etc. 2005
300 ## - PHYSICAL DESCRIPTION
Extent 32p.
Dimensions 30cm.
505 2# - FORMATTED CONTENTS NOTE
Formatted contents note Governance -- Rules and regulations -- Standards -- Competence -- International -- Conduct and discipline -- Redress -- Next steps
520 ## - SUMMARY, ETC.
Summary, etc. RICS has published the final report of the independent review by Sir Bryan Carsberg of the RICS regulatory and consumer protection role across the land, property and construction sectors. The review includes: updating the existing regulatory framework; the level of regulation necessary for different types and sizes of business; regulation at international level; regulating competence beyond mandatory continuous professional development; RICS governance; disciplinary processes and redress; and ombudsman schemes. Recommends greater separation of RICS regulatory and representational functions with RICS members continuing to be regulated by RICS but involving separate regulatory and conduct boards with a lay majority membership. Calls on RICS to regulate firms as well as individuals, with a compliance scheme that is easier for members, but remains effective. Also proposes taking an active approach to competence monitoring, simpler disciplinary procedures and setting up a property ombudsman service to give consumers redress in the house buying and letting arena.
521 ## - TARGET AUDIENCE NOTE
Target audience note Advanced
651 #4 - SUBJECT ADDED ENTRY--GEOGRAPHIC NAME
Geographic name United Kingdom
690 ## - LOCAL SUBJECT ADDED ENTRY--TOPICAL TERM (OCLC, RLIN)
Topical term or geographic name as entry element ABOUT RICS-RICS PROFESSIONAL REGULATION AND CONSUMER PROTECTION
710 1# - ADDED ENTRY--CORPORATE NAME
Corporate name or jurisdiction name as entry element Royal Institution of Chartered Surveyors
Subordinate unit Professional Regulation and Consumer Protection
9 (RLIN) 4348
856 ## - ELECTRONIC LOCATION AND ACCESS
Uniform Resource Identifier <a href="https://www.rics.org/profession-standards/knowledge-and-information-services">https://www.rics.org/profession-standards/knowledge-and-information-services</a>
Public note Email [email protected] to request a digital copy
942 ## - ADDED ENTRY ELEMENTS (KOHA)
Suppress in OPAC 0
Source of classification or shelving scheme Dewey Decimal Classification
Holdings
Withdrawn status Lost status Damaged status Not for loan Home library Current library Shelving location Date acquired Total Checkouts Full call number Barcode Date last seen Copy number Price effective from Koha item type
        London London RICS Boxes 17/01/2012   RICS 2005/57 30077129 06/08/2019 1 06/08/2019 Archive
        London London Reference copy 25/06/2025   HISTORY OF THE RICS   25/06/2025   25/06/2025 Book